| 000 | 00388cam a2200157ua 4500 | ||
|---|---|---|---|
| 041 |
_amal _h |
||
| 082 |
_a894.8122 _bCHA/YO |
||
| 100 | _aChacko, V C . | ||
| 245 |
_aYooda / _cV C Chacko. _hTextual Documents |
||
| 250 |
_a1 / _b. |
||
| 260 |
_aKottayam : _bSahitya Pravarthaka Co-operative Society , _c1957. |
||
| 300 | _a56 ; . | ||
| 504 | _a | ||
| 942 | _cBK | ||
| 999 |
_c12754 _d12754 |
||